1149 1687 1344 1943 1600 1160 1095 1477 1262 1367 1690 1614 1832 1688 1405 1227 1799 1166 1655 1625 1911 1252 1243 1540 1129 1424 1754 1087 1927 1101 1853 1886 1243 1794 1160 1153 1202 1077 1135 1952 1525 1084 1412 1864 1946 1671 1295 1449 1608 1437 1660 1840 1997 1308 1534 1397 1634 1337 1652 1385 1167 1395 1612 1000 1085 1989 1028 1608 1745 1157 1174 1338 1035 1855 1878 1285 1296 1506 1524 1129 1944 1355 1946 1998 1879 1970 1710 1862 1983 1433 1958 1904 1399 1163 1917 1533 1410 1833 1853 BCNSPRNW ULIB Ver.6.0+V

เปลี่ยนเป็นภาษาไทย

Change to English
 แสดงรายละเอียดบรรณานุกรม
  กลับหน้าหลัก

Brief Record : Get Marc (ISO 2709) : E-mail record : QR code < ปิดหน้าต่าง
LEADER : 00000nam 2200000uu 4500
001    13399123617
003     ULIB
008    141019s2551||||th 000 0 tha d
099    วจ.HD62.6^bย155ก
100 0  ยศพล เหลืองโสมนภา และสาคร พร้อมเพราะ
245 00 การวิเคราะห์องค์ประกอบวัฒนธรรมองค์การของสถาบันการศึกษาในสังกัดสถาบันพระบรมราชชนก กระทรวงสาธารณสุข/^cยศพล เหลืองโสมนภา และสาคร พร้อมเพราะ
260    จันทบุรี:^bวิทยาลัยพยาบาลพระปกเกล้า จันทบุรี,^c2551
650  0 วัฒนธรรมองค์การ^xวิจัย
945    ^p0^l0^i023564
999    ^aเกษร โพธิ์สุวรรณ
รายการนี้ยังไม่มีแท็ก
คุณยังไม่ได้ล็อกอิน คุณสามารถมีกิจกรรมร่วมกับเว็บไซต์ได้ แต่ต้องล็อกอินก่อน ::
  ล็อกอิน

รายการสื่อสารสนเทศ

ลำดับที่ ประเภท เลขเรียก/บาร์โค้ด สถานที่ สถานะ
1. งานวิจัย
งานวิจัย
วจ.HD62.6 ย155ก ฉ.1 
  Barcode: 023564
ห้องสมุดวิทยาเขตสวรรค์ประชารักษ์
►วิจัย
บนชั้น

BibComment


ยังไม่เคยถูกคอมเมนท์

คอมเมนท์ทรัพยากรรายการนี้
  คอมเมนท์: การวิเคราะห์องค์ป..


 Copyright 2026. Bcnsprnw @Library